Visión de la poesía brasileña

Uloženo v:
Podrobná bibliografie
Hlavní autor: Mello, Thiago de (autor)
Médium: Kniha
Jazyk:portugalština
španělština
Vydáno: Santiago Red Internacional del Libro 1996
Témata:
Tagy: Přidat tag
Žádné tagy, Buďte první, kdo vytvoří štítek k tomuto záznamu!

MARC

LEADER 00000nam a2200000 a 4500
001 UCK2728
003 CL-VaPUC
008 050318e19960000CL |||||||||||||||||por|d
020 |a 9567159920 
041 0 7 |a por  |2 CL-VaPUC 
041 0 7 |a spa  |2 CL-VaPUC 
082 0 4 |a B869.4  |b MEL  |2 21 
100 |a Mello, Thiago de  |e autor  |9 490685 
245 1 0 |a Visión de la poesía brasileña 
300 |a 442 p 
942 |c BK 
945 |d 20050318 00:00:00  |a cmena 
260 |a Santiago  |b Red Internacional del Libro  |c 1996 
650 0 |a Literatura brasileña  |9 269433 
650 7 |a POESIAS BRASILEÑAS  |2 CL-VaPUC  |9 267764 
583 |a last modification  |c 20050318 00:00:00  |k Rodrigo Vera 
999 |c 312189  |d 312187 
952 |0 0  |1 0  |4 0  |6 B_869_400000000000000_MEL_1996  |7 0  |8 A  |9 382101  |a BIBART  |b BIBART  |d 2019-11-21  |i 4099842  |o B869.4 MEL 1996  |p 4099842  |r 2025-03-13  |w 2019-11-21  |y BK  |k ART